000 00346nam a2200157Ia 4500
100 _aMoussavi/Massoud
650 _aDatacommunication
942 _cRB
366 _f25
245 _aDatacommunication and networking
260 _bDelmar/Cengage
_c2012
082 _a4.65
_bMOU
300 _a310
546 _aENGLISH
_cComputers
999 _c32002
_d32002